| 000 | 00473nam a2200169Ia 4500 | ||
|---|---|---|---|
| 008 | 140424s9999 xx 000 0 und d | ||
| 100 | _aAjesh T (12650002) | ||
| 245 | 2 | _aA current state assessment study on KVATIS for business continuity plan | |
| 502 | _bPGDeG | ||
| 502 | _c2013 | ||
| 502 | _dInternal | ||
| 502 | _eAjith Kumar R | ||
| 502 | _f"Rana Sarkar, KPMG, Mumbai" | ||
| 650 | _a VAT | ||
| 650 | _aKERALA VALUE ADDED TAX INFORMATION SYSTEM | ||
| 650 | _aKVATIS | ||
| 999 |
_c4421 _d4421 |
||